000 00590nam a2200217Ia 4500
005 20250326144513.0
008 250326s9999 xx 000 0 und d
020 _a978-0-415-42395-3
037 _aTextbook
040 _aFMSL
_beng
_cFMSL
041 _aeng
_2eng
084 _aX:8 P8
_qFMSL
100 _aBouckaert Geert
245 0 _aManaging performance
_cBouckaert Geert; Halligan John
260 _aLondon
_bLondon, Routledge
_c2008
300 _axv,440
365 _b2233.4812000000002
650 _aManagement
942 _cTB
_hX:8 P8
999 _c1303950
_d1303950